Broadway on record : a directory of New York cast recordings and musical shows, 1931-1986 /

Bibliographic Details
Main Author: Lynch, Richard Chigley, 1932-
Format: Book
Language:English
Published: New York : Greenwood Press, 1987.
Series:Discographies ; no. 28.
Subjects:

MARC

Tag First Indicator Second Indicator Subfields
LEADER 00000cam a2200000 a 4500
001 in00000008109
005 20151002070140.0
008 870416s1987 nyu b 00110 eng
010 |a  87011822  
020 |a 0313255237 (lib. bdg. : alk. paper) 
035 |a (OCoLC)15629197 
035 |9 AAA0466AM 
040 |a DLC  |c DLC  |d TXA  |d UtOrBLW 
043 |a n-us-ny 
050 0 0 |a ML156.4.O46  |b L9 1987 
100 1 |a Lynch, Richard Chigley,  |d 1932- 
245 1 0 |a Broadway on record :  |b a directory of New York cast recordings and musical shows, 1931-1986 /  |c compiled by Richard Chigley Lynch. 
264 1 |a New York :  |b Greenwood Press,  |c 1987. 
300 |a x, 347 pages ;  |c 24 cm. 
336 |a text  |b txt  |2 rdacontent 
337 |a unmediated  |b n  |2 rdamedia 
338 |a volume  |b nc  |2 rdacarrier 
490 1 |a Discographies,  |x 0192-334X ;  |v no. 28 
500 |a Includes indexes. 
650 0 |a Revues  |x Discography. 
650 0 |a Musicals  |v Discography. 
830 0 |a Discographies ;  |v no. 28. 
999 |a MARS 
999 f f |s 0c193e60-8264-3480-8251-e4cb21afafa0  |i 03bd433a-f810-3fcb-8c3a-fc8711eca860  |t 0 
952 f f |p ric  |a Texas A&M University  |b Rellis Campus  |c Joint Library Facility  |d Remote Storage  |t 0  |e ML156.4.O46 L9 1987  |h Library of Congress classification  |i unmediated -- volume  |m A14812570204 
998 f f |a ML156.4.O46 L9 1987  |t 0  |l Remote Storage